Statistics for Vowelless Hunger Games characters

Click here to take the quiz!

General Stats

  • This quiz has been taken 58 times
  • The average score is 14 of 16

Answer Stats

HintAnswer% Correct
Ktnss VrdnKatniss Everdeen
100%
CnnCinna
96%
BggsBoggs
94%
MgsMags
93%
Pt MllrkPeeta Mellark
93%
Gl HwthrnGale Hawthorne
91%
JcksnJackson
91%
Fnnck DrFinnick Odair
89%
CshmrCashmere
89%
Prm VrdnPrim Everdeen
87%
Snc CrnSeneca Crane
85%
CrssdCressida
83%
BtBeetee
80%
RRue
74%
Nn CrstAnnie Cresta
63%
CtCato
59%

Score Distribution

Percentile by Number Answered

Percent of People with Each Score

Your Score History

You have not taken this quiz